000 00364nam a2200145Ia 4500
005 20250729165731.0
008 250729s2012 xx 000 0 und d
041 _aeng
082 _a330.25 OMPG
100 _aDr. Om Prakash
_9231693
245 _aGuidence counselling
260 _aNewdelhi
_bCentrum Press
_c2012
300 _a424p
650 _aEducation
_9231694
999 _c239409
_d239409